000 00446nam a2200181Ia 4500
008 210210b1966 xxu||||| |||| 00| 0 eng d
041 _aeng
082 _a336/159
100 _aCHETTY (Shanmughasundaram M)
245 _aEconomic history of England
260 _aMadras
_bRochouse & Sons Pvt Ltd.,
_c1966
650 _aof
650 _ahistory
650 _aEngland
650 _aEconomic
690 _aEconomic History
906 _a004896
999 _c128498
_d128498